| 000 | 00540nam a2200181Ia 4500 | ||
|---|---|---|---|
| 005 | 20250508153843.0 | ||
| 008 | 008 250505s9999 xx 000 0 fre d | ||
| 037 | _aBooks to be hide in OPAC | ||
| 040 |
_aFEDL _beng _cFEDL |
||
| 041 |
_afre _2eng |
||
| 084 |
_a373.44, WIS/O _qFEDL |
||
| 100 |
_aWissemans A _9763634 |
||
| 245 | 0 | _aCode de l'enseignement secondaire | |
| 260 |
_aParis, France _bParis Librairie Hachette Et Cie _c1910 |
||
| 300 | _axxvii,419p. | ||
| 942 |
_cHB _h373.44, WIS/O |
||
| 999 |
_c1345974 _d1345974 |
||